000 00588nam a2200217Ii 4500
003 JO-AjNU
008 230606s9999||||xx |||||||||||||| ||und||
020 _a978-0-13-509281-1
040 _aJO-AjNU
_beng
_erda
_cJO-AjNU
041 _aeng
050 1 4 _aQA76.5.C669.2011
100 3 _aLaberta,Catherine,
_eauthor
_9993
245 0 0 _aComputer Are Future
250 _a11 ed
264 3 1 _aPrentic hall:london,2011
300 _a432p
336 _atext
_btxt
_2rdacontent
337 _aunmediated
_bn
_2rdamedia
338 _avolume
_bnc
_2rdacarrier
650 4 _aComputer Are Future
_9994
999 _aE522
_c522
_d522